Benjamin Blümchen – Charaktere - Statistiken

Allgemein
  • Dieses Quiz wurde 180 mal gespielt
  • Das Durchschnittsergebnis liegt bei 9 aus 16
Antwortstatistiken
Hinweis Antwort % Korrekt
Neustadts berühmtester sprechender Elefant Benjamin Blümchen
99%
sein bester Freund Otto
95%
Zoowärter Karl
93%
Rasende Reporterin Karla Kolumna
91%
in Neustadt lebende befreundete Junghexe Bibi Blocksberg
82%
Zoodirektor Herr Tierlieb
72%
Neustadts Stadtoberhaupt (Amt) Bürgermeister
67%
sein Sekretär Pichler
65%
neben dem Zoo lebender Baron Baron von Zwiebelschreck
42%
italienischstämmige Freundin Stella Stellini
41%
Brandrat, der die Feuerwehrkapelle leitet Lichterloh
29%
Kurzzeit-Ehefrau der Titelfigur Laila
25%
Bösewicht, der der Titelfigur eine eigene Wohnung und einen Computer verkauft Herr Schmeichler
23%
dessen freche Cousine Kiki
19%
Gorilla, der an Karneval aus dem Zoo ausbricht Garfield
13%
Tante des Zoodirektors mit einem Froschteich im Garten Tante Hilde
11%
Keine übereinstimmenden Quizze gefunden
Verteilung der Resultate
Anzahl Personen mit jedem Resultat
Perzentil nach korrekt beantworteten Fragen
Ihre Resultats-Entwicklung
Sie haben dieses Quiz noch nicht gespielt